000 02699nam a22002297a 4500
001 6670
003 FISKH
005 20250520084218.0
008 250520b cb ||||| |||| 00| 0 eng d
040 _aFISKH
_bkhr
_cFISKH
_dFISKH
082 _a000
100 _aSokheng, Kong
245 _aកំណែ តែងសេចក្តី ថ្នាក់ទី១០​ /
_cរៀបរៀងដោយ លោក គង់ សុខហេង
260 _aភ្នំពេញ :
_bប៉ៃ ណែត ,
_c២០១២ .
300 _a130 pages :
_bcolor illustrations ;
_c15 cm .
520 _aសម្រាប់ការសរសេរសេចក្តីថ្នាក់ទី១០ អ្នកអាចអនុវត្តតាមវិធីសាស្ត្រដូចខាងក្រោម៖ 📝 វិធីសាស្ត្រសរសេរសេចក្តីថ្នាក់ទី១០ 1,បញ្ចូលប្រធាន ចាប់ផ្តើមដោយការណែនាំប្រធានដែលច្បាស់លាស់ និងទាក់ទាញ ដើម្បីទាក់ទាញអារម្មណ៍អ្នកអាន។ 2,បកស្រាយប្រធាន បង្ហាញនូវការបកស្រាយយ៉ាងច្បាស់លាស់អំពីប្រធាន ដោយប្រើឧទាហរណ៍ និងការពិចារណាដែលមានសារសំខាន់។ 3,ចំណុចសំខាន់ៗ បញ្ជាក់ចំណុចសំខាន់ៗដែលអ្នកចង់បង្ហាញ ឬពិចារណា។ 4,ការសន្និដ្ឋាន បញ្ចប់ដោយការសន្និដ្ឋានដែលមានអត្ថន័យ និងផ្តល់ការអនុញ្ញាតឬការផ្តល់យោបល់សំខាន់ៗ។
520 _a Grade 10 Essay Writing Method 1. Introduction of the Topic Begin with a clear and engaging introduction to the topic in order to capture the reader’s interest. 2. Explanation of the Topic Provide a clear and detailed explanation of the topic by using relevant examples and meaningful reflections. (This is the part you asked to be translated into English.) 3. Main Points Identify and present the key points you want to highlight or discuss in your essay. 4. Conclusion End the essay with a meaningful conclusion, offering insights, lessons learned, or recommendations based on the discussion.
650 _aតែងសេចក្តី
650 _aEassy
942 _2ddc
_cKHB
_n0
999 _c6670
_d6670